Stammstrecke München S-Bahn Stationen - Statistiken

Allgemein
  • Dieses Quiz wurde 491 mal gespielt
  • Das Durchschnittsergebnis liegt bei 10 aus 11
Antwortstatistiken
von Westen (1) nach Osten (11) Antwort % Korrekt
6 Hauptbahnhof
96%
8 Marienplatz
95%
7 Karlsplatz (Stachus)
94%
11 Ostbahnhof
94%
1 Pasing
93%
4 Donnersbergerbrücke
90%
5 Hackerbrücke
90%
2 Laim
89%
9 Isartor
86%
3 Hirschgarten
79%
10 Rosenheimer Platz
79%
Keine übereinstimmenden Quizze gefunden
Verteilung der Resultate
Anzahl Personen mit jedem Resultat
Perzentil nach korrekt beantworteten Fragen
Ihre Resultats-Entwicklung
Sie haben dieses Quiz noch nicht gespielt